The draftsman's eye : late Italian Renaissance schools and styles /

Bibliographic Details
Main Author: Olszewski, Edward J., 1937-
Other Authors: Glaubinger, Jane
Format: Book
Language:English
Published: Cleveland : Published by the Cleveland Museum of Art in cooperation with the Indiana University Press, [1981]
Subjects:

MARC

Tag First Indicator Second Indicator Subfields
LEADER 00000pam a2200000 a 4500
001 in00000078019
005 20151008055117.0
008 791220s1981 ohuab b 00110 engm
010 |a  79027199  
020 |a 0910386471 :  |c $17.50 (est.) 
035 |a (OCoLC)05893218 
035 |9 AAJ2576AM 
040 |a DLC  |c DLC  |d m.c.  |d TXA  |d UtOrBLW 
043 |a e-it--- 
049 |a TXAM  |c [1196112] 
050 0 0 |a NC255  |b .O43 
082 0 |a 741/.0945 
100 1 |a Olszewski, Edward J.,  |d 1937- 
245 1 4 |a The draftsman's eye :  |b late Italian Renaissance schools and styles /  |c Edward J. Olszewski with the assistance of Jane Glaubinger. 
264 1 |a Cleveland :  |b Published by the Cleveland Museum of Art in cooperation with the Indiana University Press,  |c [1981] 
264 4 |c ©1981 
300 |a x, 177 pages :  |b illustrations, map ;  |c 29 cm. 
336 |a text  |b txt  |2 rdacontent 
337 |a unmediated  |b n  |2 rdamedia 
338 |a volume  |b nc  |2 rdacarrier 
500 |a Includes indexes. 
504 |a Bibliography: pages 157-166. 
650 0 |a Drawing, Italian. 
650 0 |a Drawing, Renaissance  |z Italy. 
700 1 |a Glaubinger, Jane. 
999 |a MARS 
999 f f |s 5d599e12-650b-3ea5-8bb3-a4f37ca7b7b7  |i dd2d4b8f-18a1-35ca-9b6d-4629705fdc59  |t 0 
952 f f |p normal  |a Texas A&M University  |b College Station  |c Sterling C. Evans Library  |d Evans: Library Stacks  |t 0  |e NC255 .O43  |h Library of Congress classification  |i unmediated -- volume  |m A14806169176 
952 f f |p noncirc  |a Texas A&M University  |b College Station  |c Sterling C. Evans Library  |d Santa Chiara (in Italy)  |t 0  |e NC255 .O43  |h Library of Congress classification  |i unmediated -- volume  |m A14825946503 
998 f f |a NC255 .O43  |t 0  |l Santa Chiara (in Italy) 
998 f f |a NC255 .O43  |t 0  |l Evans: Library Stacks